00638nam a2200169Ia 4500008004100000041001200041082001100053100002400064245009900088260004900187300000800236650000800244700002400252942000700276999001500283952017000298221030s9999 xx 000 0 und d aEnglish a105.23 aBrilliant Tutorials 0aElectronics & Telecommunication Engineering Set !cby Brilliant Tutorials, Brilliant Tutorials bBrilliant Tutorials Pvt. Ltd.aChennaic2002 a242 aECE aBrilliant Tutorials cBK c9320d9320 pBE 10919l0o105.23 eGiftedr2024-06-13 00:00:00w2022-10-30yBK003Print4070aMIETLIBbMIETLIBcBL-Academic Block C, FL-2, CUP-121, SH-6, R-6d2010-11-1310HBE